Normal view
MARC view
Entry Personal Name
001 - CONTROL NUMBER
- control field: 115988
003 - CONTROL NUMBER IDENTIFIER
- control field: OSt
005 - DATE AND TIME OF LATEST TRANSACTION
- control field: 20220918205735.0
008 - FIXED-LENGTH DATA ELEMENTS
- fixed length control field: 220918|| aca||aabn | a|a d
040 ## - CATALOGING SOURCE
- Original cataloging agency: OSt
- Transcribing agency: OSt
100 ## - HEADING--PERSONAL NAME
- Personal name: Toure Ahmed Sekou
670 ## - SOURCE DATA FOUND
- Source citation: Work cat.: (OSt)240973: Toure Ahmed Sekou, L'Afrique et la revolution, 1967
